000 00294nam a22001337a 4500
008 170831b xxu||||| |||| 00| 0 eng d
020 _a0136883834
041 _aeng
080 _22ND
_a070
100 _a40
101 _aMED
245 _aTHE POWER TO PERSUADE
_cSPURGIN,S.D
942 _2udc
_cBK
999 _c25843
_d25843